000 01109cam a2200229 4500
001 WB3809-27
008 020305n2002 000 0 eng u
035 _a(Sirsi) u117009
245 _aDon't leave our towns in limbo
260 _c2002
490 _aRICS Press Release
_v(pr032) 5 March 2002 (2)
520 _aRICS told the House of Commons Select Committee on Urban Affairs on 5 March that UK government urban regeneration initiatives are falling down at delivery stage. Government is investigating the need for a European Regeneration Framework to help fund the regeneration of run-down parts of towns and cities across Europe that would not be possible without public money. For further information call Joanna Sumner RICS senior policy officer, t +44 (0)20 7695 1542 Press Release http://www.rics.org/ricscms/bin/show?class=PressRelease&template=/includes/showpr.html&id=685
590 _aWB
650 _aURBAN REGENERATION
650 _aEUROPEAN UNION
650 _aGAP FUNDING
650 _aRICS
650 _aPUBLIC MONEY
650 _aEUROPE
690 _aREGENERATION
942 _n0
999 _c69699
_d69699